| LEADER | 00762nam a2200157 4500 | ||
|---|---|---|---|
| 082 | |a 516.24076 |b PH105V | ||
| 100 | |a Phan Văn Phùng | ||
| 245 | |a 111 đề thi tuyển sinh Đại học môn lượng giác từ 1991 đến 1998 / |c Phan Văn Phùng.. | ||
| 260 | |a Tp. HCM.: |b Trẻ, |c 1999 | ||
| 300 | |b 21 cm |a 175 tr.; | ||
| 520 | |a v...v.. | ||
| 653 | |a Toán học | ||
| 942 | |2 ddc |c STK0 | ||
| 999 | |c 6902 |d 6902 | ||
| 952 | |0 0 |1 0 |2 ddc |4 0 |6 516_240760000000000_PH105V |7 0 |8 500 |9 64472 |a qbu |b qbu |c D3 |d 2015-01-26 |o 516.24076 PH105V |p 6891.c1 |r 0000-00-00 |w 2015-01-26 |y STK0 |0 0 |6 516_240760000000000_PH105V | ||
| 952 | |0 0 |1 0 |2 ddc |4 0 |6 516_240760000000000_PH105V |7 0 |8 500 |9 94131 |a qbu |b qbu |c D3 |d 2015-09-15 |o 516.24076 PH105V |p 6891.c2 |r 0000-00-00 |w 2015-09-15 |y STK0 |0 0 |6 516_240760000000000_PH105V | ||